Women in Rock'n'Roll - Statistics

General Stats
  • This quiz has been taken 116 times
  • The average score is 14 of 36
Answer Stats
Picture Answer % Correct
Amy Winehouse
91%
Janis Joplin
81%
Joan Jett
78%
Billie Eilish
77%
Bjork
77%
Debbie Harry
76%
Stevie Nicks
75%
Courtney Love
68%
Sinaed O'Connor
66%
Carly Simon
58%
Kate Bush
57%
Joni Mitchell
56%
Chrissie Hynde
53%
Meg White
48%
Patti Smith
46%
Christine McVie
41%
Siouxsie Sioux
41%
Ann Wilson
40%
Grace Slick
40%
Nancy Wilson
40%
Shirley Manson
33%
PJ Harvey
24%
Nico
20%
Kim Deal
16%
Kim Gordon
15%
Maureen Tucker
13%
Laurie Anderson
9%
Karen O
8%
Sleater Kinney
8%
Lena Lovich
5%
Christina Amphlett
4%
The Linda Lindas
4%
Michelle Shocked
3%
Janet English
2%
Zia McCabe
1%
Sean Yseult
0%
No matching quizzes found
Score Distribution
Percent of People with Each Score
Percentile by Number Answered
Your Score History
You have not taken this quiz